Online
Catalog

Gente negra, nación mestiza : (Record no. 25428)

MARC details
000 -CABECERA
campo de control de longitud fija 01197nam a2200277 a 4500
001 - NÚMERO DE CONTROL
campo de control 000025936
005 - FECHA Y HORA DE LA ÚLTIMA TRANSACCIÓN
campo de control 20200930024151.0
008 - DATOS DE LONGITUD FIJA--INFORMACIÓN GENERAL
campo de control de longitud fija 110217s1997 ck a r 000 | spa d
040 ## - FUENTE DE LA CATALOGACIÓN
Centro catalogador/agencia de origen DO-SdBNP
Lengua de catalogación spa
Centro/agencia transcriptor BNPHU
041 ## - CÓDIGO DE LENGUA
Código de lengua del texto/banda sonora o título independiente spa
Código de lengua original eng
Fuente del código Código de idioma MARC
082 ## - NÚMERO DE LA CLASIFICACIÓN DECIMAL DEWEY
Número de clasificación NNN
Número de documento/Ítem W119g
049 ## - FONDOS LOCALES (OCLC)
Fondos de biblioteca BNGR
100 1# - ENTRADA PRINCIPAL--NOMBRE DE PERSONA
Nombre de persona Wade, Peter ,
9 (RLIN) 52796
240 #0 - TÍTULO UNIFORME
Título uniforme Blackness and race mixture : the dynamics of racial identity in Colombia.
Lenguaje de la obra Español
245 10 - MENCIÓN DE TÍTULO
Título Gente negra, nación mestiza :
Resto del título dinámica de las identidades raciales en Colombia /
Mención de responsabilidad, etc. Peter Wade ; traducción Ana Cristina Mejía Vélez.
260 ## - PUBLICACIÓN, DISTRIBUCIÓN, ETC.
Lugar de publicación, distribución, etc. Santafé de Bogotá :
Nombre del editor, distribuidor, etc. Siglo del hombre :
-- Uniandes,
Fecha de publicación, distribución, etc. 1997.
300 ## - DESCRIPCIÓN FÍSICA
Extensión 487 p. :
Otras características físicas il. ;
Dimensiones 21 cm.
490 1# - MENCIÓN DE SERIE
Mención de serie Biblioteca Universitaria Ciencias Sociales y Humanidades
490 1# - MENCIÓN DE SERIE
Mención de serie Antropología Social
534 ## - NOTA SOBRE LA VERSIÓN ORIGINAL
Encabezamiento principal del original Título original :
Mención de título del original Blackness and race mixture : the dynamics of racial identity in Colombia.
504 ## - NOTA DE BIBLIOGRAFÍA, ETC.
Nota de bibliografía, etc. Incluye bibliografía : p. 439-467
500 ## - NOTA GENERAL
Nota general Incluye índice : p. 469-487
700 1# - PUNTO DE ACCESO ADICIONAL--NOMBRE DE PERSONA
Nombre de persona Mejía Vélez, Ana Cristina,
Término indicativo de función/relación tr.
9 (RLIN) 52797
830 #0 - PUNTO DE ACCESO ADICIONAL DE SERIE-TÍTULO UNIFORME
Título uniforme Biblioteca Universitaria Ciencias Sociales y Humanidades
9 (RLIN) 52798
830 #0 - PUNTO DE ACCESO ADICIONAL DE SERIE-TÍTULO UNIFORME
Título uniforme Antropología Social
9 (RLIN) 16772
Holdings
Estado de retiro Estado de pérdida Restricciones de uso No para préstamo Código de colección Localización permanente Ubicación/localización actual Ubicación en estantería Fecha de adquisición Número de inventario Total de préstamos Signatura topográfica completa Código de barras Fecha visto por última vez Precio válido a partir de Tipo de ítem Koha
      Excluido de préstamo Monografías: Libros y Folletos General General En catalogación 24.02.2011 LF1   NNN W119g 25936-10 25.06.2020 25.06.2020 No se presta

Powered by Koha